000 00696nam a2200205Ia 4500
003 IN-BaIIA
008 211028s9999 xx 000 0 eng d
020 _a0-521-34878-1
040 _cIIA Library
080 _a535.417
_bJON
100 _aR. Jones
_922105
245 0 _aHolographic and speckle interferometry
_ba discussion of the theory, practice and application of the techniques
_cR. Jones and C. Wykes
250 _a2nd ed.
260 _aCambridge
_bCambridge University Press
_c1989
300 _axi, 353p.
490 _aCambridge studies in modern optics; v. 6
650 _aInterferometry
_93249
650 _aOptics
942 _cBK
999 _c12615
_d12615